000 00354nam a2200169Ia 4500
003 IT-RoPAU
008 120407s9999 xx 000 0 und d
040 _aIT-RoPAU
040 _cIT-RoPAU
100 _aGiovanni Paolo II
245 _aIl mio Giubileo
260 _aPaoline
300 _c cm
490 _v1
700 _aSaverio Gaeta
942 _cBK
999 _c9272
_d9272